000 00329nam a22001457a 4500
003 OSt
005 20220104113631.0
008 220104b |||||||| |||| 00| 0 eng d
020 _a047129229x
040 _cHU
082 _a006.696
100 _aRatner
_927072
245 _a3D Human Modeling & Animation
942 _2ddc
_cBOOKS
_n0
999 _c25967
_d25967